000
00297nam a2200121Ia 4500
008
230907s9999||||xx |||||||||||||| ||und||
082
_a
658.049
_b
LUT
100
_a
Luthans, Fred.
245
0
_a
International management :
300
_a
xxvii, 658 pages :
650
_a
Case studies.
942
_c
BK
999
_c
601012
_d
601012